The Simpsons 'Periodic Table' Quiz Stats

 Plays Quiz Updated Oct 13, 2017

Score 0/101 Timer 16:00
11 Plays Today
% Correct
Homer
(Simpson)
97.5%
Bart
(Simpson)
96.6%
Marge
(Simpson)
95.2%
Lisa
(Simpson)
95.1%
Maggie
(Simpson)
93.2%
Moe
(Szyslak)
81.5%
(Ned)
Flanders
80.9%
(Mr.)
Burns
80.5%
(Mr.)
Smithers
79.1%
Apu
(Nahasep...)
78.5%
Milhouse
(Van Houten)
77.5%
Lenny
(Leonard)
77.4%
Krusty
(the Clown)
77.1%
Carl
(Carlson)
76.8%
Todd
(Flanders)
74.8%
Rod
(Flanders)
74.3%
Selma
(Bouvier)
72.8%
(Principal)
Skinner
72.7%
(Chief)
Wiggum
72.4%
Patty
(Bouvier)
72.2%
Maude
(Flanders)
71.9%
Abe
(Simpson)
70.7%
Barney
(Gumble)
70.2%
Nelson
(Muntz)
69.7%
Santa's (Little
Helper)
69.2%
(Sideshow)
Bob
66.5%
Ralph
(Wiggum)
65.1%
Jimbo
(Jones)
63.5%
(Officer)
Lou
62.9%
Snowball
(II)
62.7%
(Superint...)
Chalmers
59.2%
(Officer)
Eddie
58.8%
Itchy
57.8%
Scratchy
57.5%
% Correct
(Groundsk...)
Willie
55.3%
(Sideshow)
Mel
55.1%
Agnes
(Skinner)
52.3%
(Reverend)
Lovejoy
52.2%
(Dr. Julius)
Hibbert
51.7%
(Mayor)
Quimby
51.1%
(Dr.) Nick
(Riviera)
51%
Comic (Book
Guy)
50.6%
Mona
(Simpson)
50.6%
Terri
(Mackleb...)
49.8%
Duffman
49.7%
Sherri
(Mackleb...)
49.5%
(Edna)
Krabappel
49.1%
Bumblebee
(Man)
48.4%
Helen
(Lovejoy)
48.2%
Otto
(Mann)
47.6%
Üter
(Zörker)
46.7%
Martin
(Prince)
45.9%
Kirk
(Van Houten)
44.6%
(Elizabeth)
Hoover
43.5%
LuAnn
(Van Houten)
43.2%
Kang
43.1%
Troy
(McClure)
40.6%
Kearney
(Zzyzwicz)
40.4%
Kodos
39.7%
Kent
(Brockman)
39%
Cletus
(Spuckler)
38.9%
Jebediah
(Springfield)
38.8%
(Artie)
Ziff
37.8%
Manjula
(Nahasep...)
37.3%
Jasper
(Beardly)
35.7%
Jacqueline
(Bouvier)
35.5%
(Lunchlady)
Doris/Dora
35%
(Fat) Tony
(D'Amico)
34.9%
% Correct
Dolph
(Starbeam)
34.7%
(Lionel)
Hutz
33.9%
(Professor)
Frink
33.3%
(Hans)
Moleman
32.8%
(Disco)
Stu
32.1%
Brandine
(Spuckler)
31.7%
Wendell
(Borton)
29%
Drederick
(Tatum)
27.9%
Snake
(Jailbird)
27.6%
Lewis
(Clark)
27.3%
(Rich)
Texan
26.9%
(Baby)
Gerald
26.7%
Janey
(Powell)
25.1%
(Dr.) Marvin
(Monroe)
24.4%
(Mr.)
Teeny
24.3%
(Rainier)
Wolfcastle
23.7%
Luigi
(Risotto)
23.6%
(Crazy)
Cat (Lady)
23.5%
Gil
(Gunderson)
23.1%
(Sea)
Captain
21.6%
Allison
(Taylor)
20.7%
Judge
(Snyder)
20%
(Arnie)
Pye
19.5%
(Old) Jewish
(Man)
18.8%
(Cookie)
Kwan
17%
(Dewey)
Largo
16.4%
(Blue-hair)
Lawyer
14.3%
Michael
(D'Amico)
12.9%
Database
12.8%
Squeaky-
(Voiced Teen)
12.2%
(DJ)
Bill
10.9%
(DJ)
Marty
8.2%
Wiseguy
7.1%

You're not logged in!

Compare scores with friends on all Sporcle quizzes.
OR
Log In

You Might Also Like...

Show Comments

Extras

Top Quizzes Today


Score Distribution

Your Account Isn't Verified!

In order to create a playlist on Sporcle, you need to verify the email address you used during registration. Go to your Sporcle Settings to finish the process.

Report this User

Report this user for behavior that violates our Community Guidelines.

Details: